Pays qui ont gagné la Coupe du Monde - Mort subite - Statistiques

Statistiques générales
  • Ce quiz a été pris 994 fois
  • Le résultat moyen est 7 sur 9
Answers on the Grid
Answers color-coded by a green-red scale on the quiz's grid according to % correct below.
Allemagne
Angleterre
Argentine
Brésil
Croatie
Espagne
France
Hongrie
Italie
Maroc
Mexique
Paraguay
Pays-Bas
Portugal
RDA
RFA
Tchécoslovaquie
Uruguay
 
Statistiques - réponses
Réponse % Correct
2018, 1998 France
89%
2014 Allemagne
87%
2002, 1994, 1970, 1962, 1958 Brésil
87%
2022, 1986, 1978 Argentine
85%
2010 Espagne
84%
2006, 1982, 1938, 1934 Italie
83%
1930, 1950 Uruguay
79%
1966 Angleterre
75%
1990, 1974, 1954 RFA
48%
Aucun quiz correspondant
Distribution des résultats
% des personnes avec chaque résultat
Percentile par nombre de réponses
Votre historique - résultats
Vous n’avez pas pris ce quiz